Представление документа в формате RUSMARC

ПолеНазваниеЗначение
  Тип записи a
  Библиографический уровень m
001 Контрольный номер ac06610aa4d245b08f7f737c62bc199e
005 Дата корректировки 20191209112037.5
010 Индекс ISBN __
a ISBN 978-5-394-02209-8
101 Язык документа 0_
a Язык текста rus
102 Страна публикации __
a Страна публикации RU
200 Заглавие и сведения об ответственности 1_
a Заглавие Управление репутацией
b Общее обозначение материала Текст
e Сведения, относящиеся к заглавию учеб. пособие
f Первые сведения об ответственности В. Е, Рева
210 Выходные данные 1_
a Место издания Москва
c Издательство Дашков и К
d Дата издания 2018
215 Физическое описание __
a Объем 136 с.
610 Ключевые слова 0_
a Ключевые слова репутация
610 Ключевые слова 0_
a Ключевые слова управление репутацией
610 Ключевые слова 0_
a Ключевые слова имидж
a Ключевые слова PR
a Ключевые слова внутренняя среда
a Ключевые слова компания
610 Ключевые слова 0_
a Ключевые слова учебное пособие
a Ключевые слова бакалавриат
686 Индексы других классификаций __
a Классификационный индекс 65.29
700 Автор _1
a Фамилия Рева
b Имя В. Е,
g Полное личное имя Владимир Ефимович
801 Источник записи _0
a Страна RU
b Организация РУК
c Дата составления 20191209
g Правила каталогизации PSBO
801 Источник записи _1
a Страна RU
b Организация РУК
g Правила каталогизации PSBO
852 Данные о местонахождении __
i Авторский знак Р 32
j Шифр хранения 65.29
901 Тип документа __
t Тип документа m
937 Технологическая информация __
a Создатель записи (имя) Мясникова
938 Служебная информация __
a Название организации Головной вуз
952 Тип литературы __
c Вид литературы учебное пособие